000
00341nam a2200145Ia 4500
008
230718s9999 xx 000 0 und d
041
_a
Eng.
082
_a
397.4
_b
MAR-T
100
_a
Martin,Jacquelime
245
4
_a
The english legal systam
260
_a
Pakistan
_b
Dynamic Learning
_c
2014
300
_a
301
650
_a
Law
999
_c
30598
_d
30598